Las cortes de Madrid y Versalles en el año 1707 : (Record no. 182520)

MARC details
000 -LEADER
campo de control de longitud fija 01592nam a2200373 i 4500
001 - NÚMERO DE CONTROL
campo de control 182520
003 - IDENTIFICADOR DE NÚMERO DE CONTROL
campo de control ES-MaACL
005 - FECHA Y HORA DE LA ÚLTIMA TRANSACCIÓN
campo de control 20250804030236.0
008 - DATOS DE LONGITUD FIJA--INFORMACIÓN GENERAL
campo de control de longitud fija 130911s2011 sp a | |||||||| | spa d
020 ## - NÚMERO INTERNACIONAL ESTÁNDAR DEL LIBRO
Número Internacional Estándar del Libro 978-84-7737-424-4
080 ## - NÚMERO DE LA CLASIFICACIÓN DECIMAL UNIVERSAL
Número de la Clasificación Decimal Universal 929 Luis (44) XIV
080 ## - NÚMERO DE LA CLASIFICACIÓN DECIMAL UNIVERSAL
Número de la Clasificación Decimal Universal 929 Felipe (460) V
080 ## - NÚMERO DE LA CLASIFICACIÓN DECIMAL UNIVERSAL
Número de la Clasificación Decimal Universal 94(460)"1700/14"(093)
080 ## - NÚMERO DE LA CLASIFICACIÓN DECIMAL UNIVERSAL
Número de la Clasificación Decimal Universal 327(460:44)"17"(093)
080 ## - NÚMERO DE LA CLASIFICACIÓN DECIMAL UNIVERSAL
Número de la Clasificación Decimal Universal 327(44:460)"17"(093)
245 04 - MENCIÓN DEL TÍTULO
Título Las cortes de Madrid y Versalles en el año 1707 :
Resto del título estudio traductológico e histórico de las correspondencias real y diplomática /
Mención de responsabilidad, etc. José Manuel de Bernardo Ares, Elena Echeverría Pereda (coords.).
260 ## - PUBLICACIÓN, DISTRIBUCIÓN, ETC.
Lugar de publicación, distribución, etc. Madrid :
Nombre del editor, distribuidor, etc. Sílex,
Fecha de publicación, distribución, etc. imp. 2011.
300 ## - DESCRIPCIÓN FÍSICA
Extensión 450 p. :
Otras características físicas il. ;
Dimensiones 24 cm.
490 1# - MENCIÓN DE SERIE
Mención de serie Sílex universidad
504 ## - NOTA DE BIBLIOGRAFÍA, ETC.
Nota de bibliografía, etc. Bibliografía: p. 397-411. Índices.
546 ## - NOTA DE IDIOMA
Nota de lengua/lenguaje Textos en español y francés.
600 04 - PUNTO DE ACCESO ADICIONAL DE MATERIA--NOMBRE DE PERSONA
Nombre de persona Luis
Numeración XIV
Títulos y otros términos asociados al nombre Rey de Francia-
Subdivisión de forma Correspondencia.
9 (RLIN) 148389
600 04 - PUNTO DE ACCESO ADICIONAL DE MATERIA--NOMBRE DE PERSONA
Nombre de persona Felipe
Numeración V
Títulos y otros términos asociados al nombre Rey de España-
Subdivisión de forma Correspondencia.
9 (RLIN) 148388
650 #7 - PUNTO DE ACCESO ADICIONAL DE MATERIA--TÉRMINO DE MATERIA
Término de materia o nombre geográfico como elemento de entrada Guerra de Sucesión española, 1700-1714
Fuente del encabezamiento o término embne
9 (RLIN) 140912
651 #4 - PUNTO DE ACCESO ADICIONAL DE MATERIA--NOMBRE GEOGRÁFICO
Nombre geográfico Francia-
Subdivisión general Relaciones-
Subdivisión geográfica España-
Subdivisión de forma Historia.
9 (RLIN) 8716
651 #4 - PUNTO DE ACCESO ADICIONAL DE MATERIA--NOMBRE GEOGRÁFICO
Nombre geográfico España-
Subdivisión general Relaciones-
Subdivisión geográfica Francia-
Subdivisión de forma Historia.
9 (RLIN) 8464
700 1# - ENTRADA AGREGADA--NOMBRE PERSONAL
Nombre de persona Bernardo Ares, José Manuel de,
Fechas asociadas al nombre 1945-
9 (RLIN) 28291
700 1# - ENTRADA AGREGADA--NOMBRE PERSONAL
Nombre de persona Echeverría Pereda, Elena.
9 (RLIN) 153373
830 0# - PUNTO DE ACCESO ADICIONAL DE SERIE-TÍTULO UNIFORME
Título uniforme Sílex universidad
9 (RLIN) 191064
852 ## - LOCALIZACIÓN
Ubicación ES-MaACL
Número de control de estantería A-12900
itemnumber 189433
Sublocalización o colección R.149744
Ubicación en estantería Depósito 1
Signatura antigua Olim: N-5900
Encuadernación Donación: José Manuel Bernardo Ares
903 ## - NOMBRE PERSONAL DE DONANTE
a Bernardo Ares, José Manuel de,
d 1945-
e Donante
9 28291
942 ## - ELEMENTOS DE ENTRADA SECUNDARIOS (KOHA)
Fuente del sistema de clasificación o colocación Clasificación decimal universal
Tipo de ítem Koha Libro impreso
Holdings
Estatus retirado Estado de pérdida Fuente del sistema de clasificación o colocación Estado de daño No para préstamo Biblioteca de origen Biblioteca actual Ubicación en estantería Fecha de adquisición Fuente de adquisición Total de préstamos Signatura topográfica completa Código de barras Visto por última vez Precio de reemplazo Tipo de ítem Koha
    Clasificación decimal universal     Biblioteca del Ateneo de Madrid Biblioteca del Ateneo de Madrid Depósito 1 11/09/2013 Donación   A-12900 1191811 23/02/2023 23/02/2023 Libro impreso